Engineering mechanics : Dynamics (Record no. 214)
[ view plain ]
| 000 -LEADER | |
|---|---|
| fixed length control field | 00656nac a22002171u 4500 |
| 008 - FIXED-LENGTH DATA ELEMENTS--GENERAL INFORMATION | |
| fixed length control field | 220801b |||||||| |||| 00| 0 eng d |
| 010 ## - LIBRARY OF CONGRESS CONTROL NUMBER | |
| LC control number | 97046929 |
| 020 ## - INTERNATIONAL STANDARD BOOK NUMBER | |
| International Standard Book Number | 0135782619 |
| 020 ## - INTERNATIONAL STANDARD BOOK NUMBER | |
| International Standard Book Number | 9780135782613 |
| 040 ## - CATALOGING SOURCE | |
| Original cataloging agency | EG-ScBUE |
| Transcribing agency | EG-ScBUE |
| 082 00 - DEWEY DECIMAL CLASSIFICATION NUMBER | |
| Classification number | 620.1/054 |
| Item number | H6243 |
| 100 ## - MAIN ENTRY--PERSONAL NAME | |
| Personal name | Hibbeler, R. C. |
| 245 10 - TITLE STATEMENT | |
| Title | Engineering mechanics : Dynamics |
| Name of part/section of a work | Dynamics / |
| Statement of responsibility, etc | R.C. Hibbeler. |
| 250 ## - EDITION STATEMENT | |
| Edition statement | 8th ed. |
| 260 ## - PUBLICATION, DISTRIBUTION, ETC. (IMPRINT) | |
| Place of publication, distribution, etc | Upper Saddle River, N.J. : |
| Name of publisher, distributor, etc | Prentice Hall, 1998 |
| Date of publication, distribution, etc | c1998. |
| 300 ## - PHYSICAL DESCRIPTION | |
| Extent | xvi, 672 p. : |
| Other physical details | ill. (some col.) ; |
| Dimensions | 25 cm. |
| 500 ## - GENERAL NOTE | |
| General note | Includes index. |
| 650 #0 - SUBJECT ADDED ENTRY--TOPICAL TERM | |
| Topical term or geographic name as entry element | Dynamics. |
| Source of heading or term | BUEsh |
| 651 ## - SUBJECT ADDED ENTRY--GEOGRAPHIC NAME | |
| Source of heading or term | BUEsh |
| 942 ## - ADDED ENTRY ELEMENTS (KOHA) | |
| Call number prefix | 620.1054H6243 |
| Source of classification or shelving scheme | Dewey Decimal Classification |
| Withdrawn status | Item status | Damaged status | Not for loan | Home library | Current library | Shelving location | Date acquired | Source of acquisition | Total Checkouts | Full call number | Barcode | Date last seen | Date last borrowed | Cost, replacement price | Koha item type | Total Renewals | Source of classification or shelving scheme | Vendor |
|---|---|---|---|---|---|---|---|---|---|---|---|---|---|---|---|---|---|---|
| Central Library | Central Library | First floor | 06/02/2015 | Purchase | 5 | 620.1054 HIB | 000004485 | 15/07/2025 | 22/07/2019 | 130.00 | Book - Borrowing | |||||||
| Central Library | Central Library | First floor | 06/02/2015 | Purchase | 12 | 620.1054 HIB | 000004484 | 15/07/2025 | 25/09/2019 | 130.00 | Book - Borrowing | 4 | ||||||
| Central Library | Central Library | First floor | 01/08/2022 | Purchase | 620.1054 HIB | 000004483 | 15/07/2025 | Book - Borrowing | Dewey Decimal Classification | Baccah |